01853nam a2200337Ia 4500001001200000003000800012006001900020007001500039008004100054020001500095020001800110040002100128035002100149050002400170245037500194260005200569300002300621500010300644504004100747533015200788650003900940650004500979650003901024655002901063710003701092710008201129710014401211710001701355856012601372999001701498ebr10255033CaPaEBRm u cr cn|||||||||081006s2008 dcua sb 100 0 eng d z0309124204 z9780309124201 aCaPaEBRcCaPaEBR a(OCoLC)65928740614aHV6431b.D57 2008eb00aDisrupting improvised explosive device terror campaignsh[electronic resource] :bbasic research opportunities ; a workshop report /cCommittee on Defeating Improvised Explosive Devices: Basic Research to Interrupt the IED Delivery Chain, Board on Chemical Sciences and Technology, Division on Earth and Life Studies, National Research Council of the National Academies. aWashington :bNational Academies Press,cc2008. axii, 69 p. :bill. aReport of two workshops held in February 2008 in Irvine, CA. and in March 2008 in Washington, D.C. aIncludes bibliographical references. aElectronic reproduction.bPalo Alto, Calif. :cebrary,d2009.nAvailable via World Wide Web.nAccess may be limited to ebrary affiliated libraries. 0aExplosivesxDetectionvCongresses. 0aExplosivesxSafety measuresvCongresses. 0aTerrorismxPreventionvCongresses. 7aElectronic books.2local2 aNational Research Council (U.S.)2 aNational Research Council (U.S.).bBoard on Chemical Sciences and Technology.2 aNational Research Council (U.S.).bCommittee on Defeating Improvised Explosive Devices: Basic research to Interrupt the IED Delivery Chain.2 aebrary, Inc.40uhttp://site.ebrary.com/lib/rucke/Doc?id=10255033zAn electronic book accessible through the World Wide Web; click to view c14744d14744